[Event "Siebenlehn op 12th"]
[Site "Siebenlehn"]
[Date "2011.12.30"]
[Round "7"]
[White "Peil, Christoph"]
[Black "Haeusler, Felix"]
[Result "0-1"]
[WhiteElo "2019"]
[BlackElo "1996"]
[PlyCount "110"]
[EventDate "2011.12.27"]
[EventType "swiss"]
[EventRounds "7"]
[EventCountry "GER"]
[SourceTitle "EXT 2013"]
[Source "ChessBase"]
[SourceDate "2012.11.22"]
[SourceVersion "1"]
[SourceVersionDate "2012.11.22"]
[SourceQuality "1"]

1. e4 e5 2. Nf3 Nc6 3. Bb5 Nge7 4. Nc3 d6 5. d4 Bd7 6. d5 Nb8 7. Bxd7+ Nxd7 8. Be3 Ng6 9. Qd2 Be7 10. Ne2 Nf6 11. Qb4 0-0 12. Ng3 Qd7 13. h3 c5 14. Qd2 Rfc8 15. 0-0 Bd8 16. a4 b5 17. axb5 Qxb5 18. b3 a6 19. Ra4 c4 20. Qb4 cxb3 21. Qxb5 axb5 22. Rxa8 Rxa8 23. cxb3 Ne7 24. Bd2 Ra2 25. Bb4 Ne8 26. Bc3 Bb6 27. Nd2 g6 28. Kh2 f5 29. f3 f4 30. Nh1 Bc5 31. Rd1 Nc7 32. Nb1 b4 33. Bxe5 dxe5 34. d6 Ne6 35. dxe7 Bxe7 36. Nd2 Nd4 37. Nf2 Nxb3 38. Nxb3 Rxf2 39. Rd5 Rb2 40. Nd2 Bh4 41. Kg1 Be1 42. Nc4 Rb1 43. Kf1 Bc3+ 44. Ke2 Rg1 45. Kf2 Rc1 46. Na5 Bd4+ 47. Ke2 Rc2+ 48. Kf1 Rc1+ 49. Ke2 Rg1 50. Nc6 Rxg2+ 51. Kd1 Rf2 52. Nxb4 Rxf3 53. Nc6 Rxh3 54. Nxd4 exd4 55. Rxd4 Re3 0-1

[Event "Siebenlehn op 12th"]
[Site "Siebenlehn"]
[Date "2011.12.28"]
[Round "3"]
[White "Haeusler, Felix"]
[Black "Friedrich, Jan"]
[Result "1/2-1/2"]
[WhiteElo "1996"]
[BlackElo "2213"]
[PlyCount "110"]
[EventDate "2011.12.27"]
[EventType "swiss"]
[EventRounds "7"]
[EventCountry "GER"]
[SourceTitle "EXT 2013"]
[Source "ChessBase"]
[SourceDate "2012.11.22"]
[SourceVersion "1"]
[SourceVersionDate "2012.11.22"]
[SourceQuality "1"]

1. e4 e5 2. Nf3 Nf6 3. Nc3 Bb4 4. Bc4 d6 5. a3 Bxc3 6. dxc3 0-0 7. Qe2 Nbd7 8. Bg5 h6 9. Bh4 Re8 10. 0-0-0 Nf8 11. Bg3 Ng6 12. Rhe1 Nh5 13. Nd2 Nhf4 14. Qf1 Qf6 15. f3 Be6 16. Kb1 a6 17. Bxe6 fxe6 18. c4 Rf8 19. Qf2 Rf7 20. Nf1 Qe7 21. Ne3 Nf8 22. Qd2 Nd7 23. Rf1 Nc5 24. Rf2 Raf8 25. Rdf1 Qg5 26. Nd1 Nh5 27. Qxg5 hxg5 28. Kc1 g4 29. b4 Nd7 30. Kd2 gxf3 31. gxf3 Kh7 32. Ke3 Nf4 33. Bxf4 exf4+ 34. Kd4 a5 35. b5 Rf6 36. Rg1 Rh6 37. Nb2 Rff6 38. Nd3 e5+ 39. Kc3 Rfg6 40. Rfg2 b6 41. Kd2 Rxg2+ 42. Rxg2 Rg6 43. Rxg6 Kxg6 44. Ke2 Kg5 45. Kf2 Kh4 46. Kg2 Nf8 47. c3 Ne6 48. a4 g5 49. h3 Kh5 50. Kg1 Kg6 51. Kf2 Kf6 52. Kf1 Ke7 53. Ke2 Kd7 54. Kd2 c6 55. Ke2 Kc7 1/2-1/2

[Event "Siebenlehn op 12th"]
[Site "Siebenlehn"]
[Date "2011.12.28"]
[Round "4"]
[White "Schoenrock, Ruediger"]
[Black "Haeusler, Felix"]
[Result "1/2-1/2"]
[WhiteElo "2079"]
[BlackElo "1996"]
[PlyCount "43"]
[EventDate "2011.12.27"]
[EventType "swiss"]
[EventRounds "7"]
[EventCountry "GER"]
[SourceTitle "EXT 2013"]
[Source "ChessBase"]
[SourceDate "2012.11.22"]
[SourceVersion "1"]
[SourceVersionDate "2012.11.22"]
[SourceQuality "1"]

1. e4 e5 2. Nf3 Nc6 3. Nc3 Bc5 4. Nxe5 Nxe5 5. d4 Bd6 6. dxe5 Bxe5 7. f4 Bxc3+ 8. bxc3 d6 9. Bc4 Nf6 10. 0-0 0-0 11. Qd4 Be6 12. Bxe6 fxe6 13. Ba3 Rf7 14. Rad1 Ne8 15. e5 d5 16. c4 c6 17. cxd5 cxd5 18. c4 Qa5 19. Rf3 Rd8 20. Qc5 Qxc5+ 21. Bxc5 Rc8 22. Bxa7 1/2-1/2

[Event "Siebenlehn op 11th"]
[Site "Siebenlehn"]
[Date "2010.12.30"]
[Round "7"]
[White "Haeusler, Felix"]
[Black "Medunova, Vera"]
[Result "1-0"]
[WhiteElo "1970"]
[BlackElo "2051"]
[PlyCount "111"]
[EventDate "2010.12.27"]
[EventType "swiss"]
[EventRounds "7"]
[EventCountry "GER"]
[SourceTitle "EXT 2012"]
[Source "ChessBase"]
[SourceDate "2011.11.24"]
[SourceVersion "1"]
[SourceVersionDate "2011.11.24"]
[SourceQuality "1"]

1. e4 c5 2. Nf3 Nc6 3. d4 cxd4 4. Nxd4 e5 5. Nb5 d6 6. N1c3 a6 7. Na3 b5 8. Nd5 Nge7 9. Bg5 Qa5+ 10. Bd2 Qd8 11. Bg5 Rb8 12. c3 Be6 13. Be2 Qd7 14. Nc2 Nc8 15. Nce3 Be7 16. Bxe7 N6xe7 17. 0-0 0-0 18. a4 f5 19. axb5 axb5 20. Nxe7+ Nxe7 21. Ra6 Rfd8 22. exf5 Nxf5 23. Nxf5 Bxf5 24. Qb3+ d5 25. Rd1 Be6 26. Bf3 Kf7 27. Rxe6 Qxe6 28. Bxd5 Rxd5 29. Qxd5 Qxd5 30. Rxd5 b4 31. cxb4 Rxb4 32. Rd2 Ke6 33. Kf1 h5 34. Ke2 h4 35. h3 g5 36. Ke3 g4 37. hxg4 Rxg4 38. f3 Rg3 39. Ke4 h3 40. gxh3 Rxh3 41. Rg2 Kf6 42. b4 Rh4+ 43. Rg4 Rh1 44. Kd5 Rd1+ 45. Kc5 Rd3 46. b5 Rxf3 47. b6 Rc3+ 48. Rc4 Rb3 49. Rb4 Rc3+ 50. Kb5 Rc8 51. b7 Rb8 52. Kb6 Kf5 53. Kc7 Rxb7+ 54. Kxb7 e4 55. Kc6 e3 56. Kd5 1-0

[Event "GER-ch U18"]
[Site "Willingen"]
[Date "2009.06.02"]
[Round "4"]
[White "Strunski, Andreas"]
[Black "Haeusler, Felix"]
[Result "1-0"]
[WhiteElo "2329"]
[BlackElo "1990"]
[PlyCount "93"]
[EventDate "2009.05.30"]
[EventType "swiss"]
[EventRounds "9"]
[EventCountry "GER"]
[SourceTitle "CBM 130 Extra"]
[Source "ChessBase"]
[SourceDate "2009.07.02"]
[SourceVersion "2"]
[SourceVersionDate "2009.07.15"]
[SourceQuality "1"]

1. d4 Nf6 2. c4 g6 3. Nc3 Bg7 4. e4 d6 5. Be2 0-0 6. Bg5 h6 7. Be3 e5 8. d5 a5 9. h4 Ne8 10. Qd2 Kh7 11. h5 g5 12. g4 Na6 13. f3 Bd7 14. Rb1 b6 15. b3 Nc5 16. Nh3 Bf6 17. Nf2 Qe7 18. 0-0 Ng7 19. Rfc1 Rfb8 20. Bd1 Qd8 21. a3 Be7 22. b4 axb4 23. axb4 Nb7 24. Nd3 c5 25. dxc6 Bxc6 26. Qf2 Ne6 27. Bxb6 Qe8 28. Nd5 Ra3 29. Rb3 Rba8 30. Nc7 Nxc7 31. Bxc7 Ra2 32. Rb2 R2a3 33. Be2 Bd8 34. Bb6 Bd7 35. Be3 Be6 36. c5 dxc5 37. bxc5 Na5 38. Nb4 Be7 39. Nd5 Rc8 40. Ba6 Rd8 41. c6 Bc8 42. Bb5 Rxd5 43. exd5 Bd6 44. Ra2 Qe7 45. Rxa3 Bxa3 46. Bd3+ Kg8 47. Rb1 1-0

[Event "Sachsen-ch U18"]
[Site "Sebnitz"]
[Date "2009.04.16"]
[Round "5"]
[White "Haeusler, Felix"]
[Black "Meissner, Felix"]
[Result "1/2-1/2"]
[WhiteElo "1830"]
[BlackElo "2081"]
[PlyCount "64"]
[EventDate "2009.04.14"]
[EventType "swiss"]
[EventRounds "7"]
[EventCountry "GER"]
[SourceTitle "EXT 2010"]
[Source "ChessBase"]
[SourceDate "2010.11.25"]
[SourceVersion "1"]
[SourceVersionDate "2010.11.25"]
[SourceQuality "1"]

1. e4 c5 2. Nf3 d6 3. d4 cxd4 4. Nxd4 Nf6 5. Nc3 a6 6. Bg5 e6 7. f4 Qb6 8. Nb3 Nc6 9. Qf3 Be7 10. 0-0-0 Bd7 11. g4 h6 12. Bh4 Qc7 13. Bf2 g5 14. e5 dxe5 15. fxg5 hxg5 16. Bg2 Nd8 17. Qe2 Bc6 18. Bxc6+ Nxc6 19. Bg3 Nd7 20. Rhf1 Rf8 21. Rf2 b5 22. Qe4 Qb7 23. Rdf1 Nd8 24. Qh7 a5 25. h4 a4 26. Nd2 b4 27. Nce4 b3 28. axb3 axb3 29. Nxb3 Rc8 30. Kb1 Rc4 31. Nxg5 Bxg5 32. Na5 Qe4 1/2-1/2

[Event "Leutersdorf Muench Braeu op 14th"]
[Site "Leutersdorf"]
[Date "2009.02.11"]
[Round "8"]
[White "Wolf, Andreas"]
[Black "Haeusler, Felix"]
[Result "1/2-1/2"]
[WhiteElo "1570"]
[BlackElo "1985"]
[PlyCount "42"]
[EventDate "2009.02.07"]
[EventType "swiss"]
[EventRounds "9"]
[EventCountry "GER"]
[SourceTitle "CBM 128 Extra"]
[Source "ChessBase"]
[SourceDate "2009.03.05"]
[SourceVersion "2"]
[SourceVersionDate "2009.03.25"]
[SourceQuality "1"]

1. c4 Nf6 2. g3 d6 3. Bg2 g6 4. Nc3 Bg7 5. Nf3 0-0 6. 0-0 c6 7. d3 e5 8. Bg5 h6 9. Bd2 Be6 10. Qc2 Qd7 11. Rad1 Bh3 12. d4 Bxg2 13. Kxg2 Qe7 14. dxe5 dxe5 15. e4 Na6 16. a3 Rfd8 17. b4 Nc7 18. h3 b6 19. Be3 Nfe8 20. c5 b5 21. Rxd8 Rxd8 1/2-1/2

[Event "Leutersdorf Muench Braeu op 14th"]
[Site "Leutersdorf"]
[Date "2009.02.08"]
[Round "3"]
[White "Haeusler, Felix"]
[Black "Wehner, Janis"]
[Result "1/2-1/2"]
[WhiteElo "1985"]
[BlackElo "2204"]
[PlyCount "52"]
[EventDate "2009.02.07"]
[EventType "swiss"]
[EventRounds "9"]
[EventCountry "GER"]
[SourceTitle "CBM 128 Extra"]
[Source "ChessBase"]
[SourceDate "2009.03.05"]
[SourceVersion "2"]
[SourceVersionDate "2009.03.25"]
[SourceQuality "1"]

1. e4 c5 2. Nf3 Nc6 3. d4 cxd4 4. Nxd4 g6 5. Be3 Bg7 6. Nc3 Nf6 7. Bc4 0-0 8. Bb3 d6 9. f3 Bd7 10. Qd2 a5 11. 0-0 a4 12. Bc4 Ne5 13. Be2 Qa5 14. a3 Rfc8 15. Kh1 Nc4 16. Bxc4 Rxc4 17. Rae1 Rac8 18. Bg1 Nh5 19. Nde2 Bb5 20. Qd5 Bxc3 21. Nxc3 R4c5 22. Bxc5 Bxf1 23. Rxf1 Qa6 24. Qd3 Qxd3 25. cxd3 Rxc5 26. Nxa4 Rc2 1/2-1/2

[Event "Leutersdorf Muench Braeu op 14th"]
[Site "Leutersdorf"]
[Date "2009.02.07"]
[Round "1"]
[White "Haeusler, Felix"]
[Black "Ksieski, Zbigniew"]
[Result "1/2-1/2"]
[WhiteElo "1985"]
[BlackElo "2385"]
[PlyCount "173"]
[EventDate "2009.02.07"]
[EventType "swiss"]
[EventRounds "9"]
[EventCountry "GER"]
[SourceTitle "CBM 128 Extra"]
[Source "ChessBase"]
[SourceDate "2009.03.05"]
[SourceVersion "2"]
[SourceVersionDate "2009.03.25"]
[SourceQuality "1"]

1. e4 c5 2. Nf3 a6 3. d4 cxd4 4. Nxd4 Nf6 5. Nc3 e5 6. Nf3 Bb4 7. Bd2 d6 8. Qe2 h6 9. a3 Bc5 10. Be3 Nc6 11. 0-0-0 Qa5 12. Bxc5 Qxc5 13. Nd5 Ne7 14. Qc4 Qxc4 15. Nxf6+ gxf6 16. Bxc4 Rg8 17. Rxd6 b5 18. Bb3 Be6 19. Bxe6 fxe6 20. g3 Kf7 21. Rhd1 Rgc8 22. Rd7 Rc4 23. Nd2 Rd4 24. Rxd4 exd4 25. Nb3 e5 26. c3 Rc8 27. Kd2 dxc3+ 28. bxc3 Rc4 29. f3 Nc8 30. Kc2 Ke7 31. Na5 Rc7 32. Kb3 Nb6 33. Rc1 Na4 34. c4 Nc5+ 35. Kc2 bxc4 36. Kd2 Rd7+ 37. Kc3 Na4+ 38. Kb4 Nb2 39. Rc2 Nd3+ 40. Kxc4 Ne1 41. Rc3 Rc7+ 42. Kb3 Rxc3+ 43. Kxc3 Nxf3 44. h4 Nd4 45. Kd3 h5 46. Nb7 Ne6 47. Kc4 Kd7 48. a4 Kc6 49. Na5+ Kd6 50. Nb3 Nc7 51. Nc5 Kc6 52. Nd3 a5 53. Nc5 Ne8 54. Nb3 Nd6+ 55. Kd3 Kb6 56. Nd2 Kc5 57. Kc3 Kc6 58. Kd3 Nb7 59. Nb3 Kd7 60. Ke3 Ke6 61. Kf3 f5 62. Ke3 fxe4 63. Kxe4 Nd6+ 64. Kf3 Nc4 65. Ke4 Kf6 66. Nc5 Nd2+ 67. Ke3 Nb1 68. Nb3 Nc3 69. Nxa5 Nxa4 70. Nc4 Kf5 71. Nd6+ Ke6 72. Ne4 Nb6 73. Ng5+ Kf5 74. Kf3 Nc8 75. Ne4 Ne7 76. Nf2 Nc6 77. g4+ hxg4+ 78. Nxg4 Nd4+ 79. Kg3 Ne2+ 80. Kf3 Nd4+ 81. Kg3 e4 82. Ne3+ Ke5 83. h5 Nf5+ 84. Nxf5 Kxf5 85. h6 Kg6 86. Kf4 Kxh6 87. Kxe4 1/2-1/2

[Event "GER-ch Net qual4 U18"]
[Site "Playchess.com INT"]
[Date "2008.06.11"]
[Round "1"]
[White "Haeusler, Felix"]
[Black "Colpe, Malte"]
[Result "0-1"]
[WhiteElo "1984"]
[BlackElo "2050"]
[PlyCount "110"]
[EventDate "2008.06.11"]
[EventType "swiss (blitz)"]
[EventRounds "7"]
[EventCountry "GER"]
[SourceTitle "CBM 124 Extra"]
[Source "ChessBase"]
[SourceDate "2008.07.03"]
[SourceVersion "1"]
[SourceVersionDate "2008.07.03"]
[SourceQuality "1"]

1. e4 c5 2. Nf3 d6 3. d4 cxd4 4. Nxd4 Nf6 5. Nc3 a6 6. Be3 e5 7. Nf3 Be6 8. Be2 Be7 9. Ng5 Qd7 10. Qd2 Nc6 11. Rd1 0-0 12. 0-0 b5 13. a3 Rfd8 14. Bb6 Rdb8 15. Be3 h6 16. Nxe6 Qxe6 17. f4 Qd7 18. fxe5 Nxe5 19. Bf4 Qc6 20. Bxe5 dxe5 21. Nd5 Bc5+ 22. Kh1 Nxe4 23. Qe1 Rd8 24. Bf3 Rxd5 25. Qxe4 Rxd1 26. Rxd1 Qxe4 27. Bxe4 Rc8 28. Bb7 Rc7 29. Bxa6 b4 30. a4 e4 31. b3 Bf2 32. Rd2 e3 33. Re2 f5 34. Bc4+ Kf8 35. g3 g5 36. Kg2 Rd7 37. Kf3 Rd4 38. a5 Ke7 39. a6 Rd7 40. g4 Kf6 41. gxf5 Kxf5 42. Kg2 Kf4 43. Be6 Ra7 44. Bc8 g4 45. Bb7 h5 46. Bc8 h4 47. Bb7 h3+ 48. Kf1 g3 49. hxg3+ Kxg3 50. c4 bxc3 51. b4 h2 52. b5 Rxb7 53. Rxe3+ Bxe3 54. axb7 h1Q+ 55. Ke2 Qf3+ 0-1

[Event "Leutersdorf Muench Braeu op 12th"]
[Site "Leutersdorf"]
[Date "2007.02.14"]
[Round "7"]
[White "Haeusler, Felix"]
[Black "Duenzel, Jonas"]
[Result "1/2-1/2"]
[WhiteElo "2026"]
[BlackElo "1894"]
[PlyCount "101"]
[EventDate "2007.02.10"]
[EventType "swiss"]
[EventRounds "7"]
[EventCountry "GER"]
[SourceTitle "EXT 2008"]
[Source "ChessBase"]
[SourceDate "2007.11.25"]
[SourceVersion "1"]
[SourceVersionDate "2007.11.25"]
[SourceQuality "1"]

1. e4 c5 2. Nf3 a6 3. d4 cxd4 4. Nxd4 Nf6 5. Nc3 e5 6. Nf3 d6 7. Bg5 Be7 8. Bxf6 Bxf6 9. Nd5 Be7 10. Nd2 Be6 11. Nc4 Bxd5 12. Qxd5 Nc6 13. c3 Qc7 14. Rd1 0-0 15. Be2 Rfd8 16. Ne3 Bf8 17. 0-0 g6 18. Qd3 Ne7 19. Nd5 Nxd5 20. Qxd5 Qc6 21. Bg4 Qxd5 22. Rxd5 Rab8 23. Rfd1 b5 24. g3 Rb6 25. Rxe5 dxe5 26. Rxd8 Rd6 27. Rxd6 Bxd6 28. a3 Kf8 29. Bc8 a5 30. Ba6 b4 31. axb4 axb4 32. cxb4 Bxb4 33. Kg2 Ke7 34. f4 exf4 35. gxf4 f6 36. Kf3 g5 37. fxg5 fxg5 38. Kg4 Kf6 39. Bd3 h6 40. Kh5 Bf8 41. h3 Ke5 42. Kg6 Kf4 43. Kf6 Bd6 44. b3 h5 45. Be2 h4 46. Bd3 Be5+ 47. Ke6 Bc3 48. Kd5 Kg3 49. Bf1 Kf2 50. Bd3 Kg3 51. Bf1 1/2-1/2

[Event "Leutersdorf Muench Braeu op 12th"]
[Site "Leutersdorf"]
[Date "2007.02.13"]
[Round "6"]
[White "Nguyen Minh, Thuy"]
[Black "Haeusler, Felix"]
[Result "0-1"]
[WhiteElo "1541"]
[BlackElo "2026"]
[PlyCount "86"]
[EventDate "2007.02.10"]
[EventType "swiss"]
[EventRounds "7"]
[EventCountry "GER"]
[SourceTitle "EXT 2008"]
[Source "ChessBase"]
[SourceDate "2007.11.25"]
[SourceVersion "1"]
[SourceVersionDate "2007.11.25"]
[SourceQuality "1"]

1. e4 e5 2. Nf3 Nc6 3. Bc4 Nf6 4. d3 Bc5 5. c3 d6 6. b4 Bb6 7. 0-0 Bg4 8. Nbd2 0-0 9. h3 Bh5 10. Re1 a5 11. b5 Ne7 12. Nf1 Kh8 13. Bg5 Nd7 14. Ng3 Bg6 15. d4 f6 16. Be3 Bf7 17. Bxf7 Rxf7 18. d5 g6 19. a4 Qf8 20. Qd2 Bxe3 21. Rxe3 h6 22. Re2 f5 23. c4 Nc5 24. Qc2 f4 25. Nf1 g5 26. N1d2 Qg7 27. Nh2 h5 28. f3 Ng8 29. Nb3 Nxb3 30. Qxb3 b6 31. Qd1 Nf6 32. Qe1 Rg8 33. Kh1 g4 34. fxg4 hxg4 35. Qh4+ Qh7 36. Qxh7+ Rxh7 37. Ra3 gxh3 38. Rxh3 Rxh3 39. gxh3 Rg3 40. Ng4 Rxh3+ 41. Rh2 Rxh2+ 42. Nxh2 Nxe4 43. Nf1 Nc3 0-1

[Event "Leutersdorf Muench Braeu op 12th"]
[Site "Leutersdorf"]
[Date "2007.02.10"]
[Round "1"]
[White "Haeusler, Felix"]
[Black "Moehn, Hans"]
[Result "1-0"]
[WhiteElo "2026"]
[BlackElo "1783"]
[PlyCount "107"]
[EventDate "2007.02.10"]
[EventType "swiss"]
[EventRounds "7"]
[EventCountry "GER"]
[SourceTitle "EXT 2008"]
[Source "ChessBase"]
[SourceDate "2007.11.25"]
[SourceVersion "1"]
[SourceVersionDate "2007.11.25"]
[SourceQuality "1"]

1. e4 g6 2. d4 Bg7 3. Nf3 d6 4. Be3 c6 5. Nc3 Qc7 6. Qd2 Nd7 7. Bc4 Ngf6 8. Bh6 Bxh6 9. Qxh6 b5 10. Bxf7+ Kxf7 11. Ng5+ Ke8 12. Qg7 Rf8 13. Ne6 Qa5 14. Nxf8 Nxf8 15. e5 Ne4 16. exd6 Nxd6 17. 0-0 Nf5 18. Qe5 Nd7 19. Qh8+ Nf8 20. Rfe1 Qc7 21. Ne4 Bd7 22. Nf6+ Kf7 23. Nxh7 Nxh7 24. Qxh7+ Kf6 25. g4 Ng7 26. Qh4+ g5 27. Qh6+ Kf7 28. Qxg5 Ne6 29. Qf5+ Kg7 30. Rxe6 Bxe6 31. Qxe6 Rh8 32. Qe5+ Qxe5 33. dxe5 Kf7 34. Kg2 Ke6 35. f4 Rf8 36. Rf1 c5 37. h4 Rg8 38. Kg3 a5 39. h5 c4 40. a3 b4 41. axb4 axb4 42. Kh4 c3 43. bxc3 bxc3 44. h6 Kd5 45. g5 Ke4 46. h7 Rh8 47. g6 Ke3 48. Kg5 Kd2 49. Rf2+ Kc1 50. g7 Rxh7 51. g8Q Rh1 52. Qa2 Rh5+ 53. Kxh5 e6 54. Qa1# 1-0

[Event "Sachsen-ch U14"]
[Site "Sebnitz"]
[Date "2006.04.22"]
[Round "7"]
[White "Haeusler, Felix"]
[Black "Poenisch, Johannes"]
[Result "1-0"]
[WhiteElo "1620"]
[BlackElo "1374"]
[PlyCount "59"]
[EventDate "2006.04.18"]
[EventType "swiss"]
[EventRounds "7"]
[EventCountry "GER"]
[SourceTitle "EXT 2007"]
[Source "ChessBase"]
[SourceDate "2006.11.23"]
[SourceVersion "1"]
[SourceVersionDate "2006.11.23"]
[SourceQuality "1"]

1. e4 c5 2. Nf3 e6 3. d4 cxd4 4. Nxd4 Nf6 5. Nc3 Bb4 6. e5 Ne4 7. Ndb5 0-0 8. Qg4 Nxc3 9. bxc3 Bc5 10. Bh6 g6 11. Bxf8 Bxf8 12. Be2 Nc6 13. Qg3 b6 14. 0-0 Bb7 15. Rad1 Bg7 16. f4 Ne7 17. Nd6 Nf5 18. Nxf5 gxf5 19. Bb5 d5 20. c4 a6 21. cxd5 axb5 22. dxe6 fxe6 23. Qb3 b4 24. Qxb4 Rxa2 25. Qc4 Ra8 26. Rd3 Kf7 27. Rfd1 Ra7 28. Qb5 Ke7 29. Rd6 Bh6 30. Rxe6+ 1-0

[Event "Sachsen-ch U14"]
[Site "Sebnitz"]
[Date "2006.04.20"]
[Round "4"]
[White "Haeusler, Felix"]
[Black "Brumme, Jan"]
[Result "1-0"]
[WhiteElo "1620"]
[BlackElo "1653"]
[PlyCount "65"]
[EventDate "2006.04.18"]
[EventType "swiss"]
[EventRounds "7"]
[EventCountry "GER"]
[SourceTitle "EXT 2007"]
[Source "ChessBase"]
[SourceDate "2006.11.23"]
[SourceVersion "1"]
[SourceVersionDate "2006.11.23"]
[SourceQuality "1"]

1. e4 e5 2. Nf3 Nc6 3. d4 exd4 4. Nxd4 Bc5 5. Be3 Qf6 6. c3 Nge7 7. Bc4 0-0 8. 0-0 d6 9. Nxc6 Nxc6 10. Bxc5 dxc5 11. f4 Re8 12. e5 Qg6 13. Bd3 Bf5 14. Bxf5 Qxf5 15. g4 Qe4 16. Qe1 Qxe1 17. Rxe1 Rad8 18. Na3 Rd2 19. Nc4 Rc2 20. Rac1 Rxc1 21. Rxc1 Rd8 22. Rc2 b5 23. Ne3 Kf8 24. Kf2 Na5 25. b4 Nb7 26. Ke2 Ke8 27. Rd2 Rb8 28. Nd5 Rc8 29. f5 c6 30. Nf4 Ke7 31. Nh5 Rg8 32. Nxg7 Kf8 33. f6 1-0

[Event "Leutersdorf Muench Braeu op 11th"]
[Site "Leutersdorf"]
[Date "2006.02.15"]
[Round "6"]
[White "Wang, Zhangxian"]
[Black "Haeusler, Felix"]
[Result "0-1"]
[WhiteElo "1998"]
[BlackElo "1520"]
[PlyCount "78"]
[EventDate "2006.02.11"]
[EventType "swiss"]
[EventRounds "9"]
[EventCountry "GER"]
[SourceTitle "CBM 110 Extra"]
[Source "ChessBase"]
[SourceDate "2006.03.10"]
[SourceVersion "2"]
[SourceVersionDate "2006.03.10"]
[SourceQuality "1"]

1. e4 e5 2. Nf3 Nc6 3. d4 exd4 4. Nxd4 Bc5 5. Nxc6 Qf6 6. Qd2 dxc6 7. Nc3 Be6 8. Qf4 0-0-0 9. Qxf6 Nxf6 10. Bg5 Bd4 11. Bd3 h6 12. Bd2 Ng4 13. 0-0 Ne5 14. Rab1 Nxd3 15. cxd3 Bf6 16. Be3 Rxd3 17. a4 Bxc3 18. bxc3 Rxc3 19. Bd4 Rc4 20. Rfd1 f6 21. e5 Rd8 22. Bb2 fxe5 23. Bxe5 g6 24. Rxd8+ Kxd8 25. h3 Rxa4 26. Rxb7 c5 27. Rxc7 c4 28. Kf1 h5 29. Ke2 Bf5 30. Rb7 a6 31. Rb2 Kd7 32. f3 Ke6 33. Bc3 Bd3+ 34. Kd2 Kd5 35. g4 hxg4 36. fxg4 Ke4 37. Bb4 a5 38. Bd6 Kd4 39. Rb8 Ra1 0-1

[Event "Sachsen-ch U14"]
[Site "Sebnitz"]
[Date "2005.03.30"]
[Round "3"]
[White "Haeusler, Felix"]
[Black "Roitzsch, Philippe"]
[Result "1-0"]
[WhiteElo "1694"]
[BlackElo "1651"]
[PlyCount "97"]
[EventDate "2005.03.29"]
[EventType "swiss"]
[EventRounds "7"]
[EventCountry "GER"]
[SourceTitle "EXT 2007"]
[Source "ChessBase"]
[SourceDate "2006.11.23"]
[SourceVersion "1"]
[SourceVersionDate "2006.11.23"]
[SourceQuality "1"]

1. e4 e5 2. Nf3 Nc6 3. d4 exd4 4. Nxd4 Bc5 5. Be3 Qf6 6. c3 Nge7 7. Bc4 d6 8. 0-0 0-0 9. f4 Ng6 10. Qd3 Bd7 11. Nd2 Rad8 12. Ne2 Bxe3+ 13. Qxe3 Rde8 14. Qf2 Kh8 15. Ng3 Qh4 16. Bd3 Nge7 17. Rae1 Ng8 18. Ne2 Qh6 19. Nc4 Nf6 20. Nd4 Ne7 21. e5 Ng4 22. Qg3 d5 23. Ne3 Nxe3 24. Qxe3 c5 25. Nf3 b6 26. Ng5 Nf5 27. Qf3 d4 28. Bxf5 Bxf5 29. cxd4 cxd4 30. Qd5 Re7 31. Qxd4 Qc6 32. Qd6 Qxd6 33. exd6 Rxe1 34. Rxe1 h6 35. Nf3 Rd8 36. Rd1 Kg8 37. Ne5 Bd7 38. Kf2 f6 39. Nxd7 Rxd7 40. Ke3 Kf7 41. Ke4 Ke6 42. f5+ Kf7 43. Kd5 Ke8 44. Ke6 Kd8 45. Rc1 a5 46. a4 Rb7 47. Rc6 b5 48. Ra6 bxa4 49. Ra8+ 1-0